Score 0/15 Timer 05:00
12 Plays Today
Question Answer Wrong Answers
Give up the location of the rebel base, or see your home planet obliterated. Star Wars Episode IV: A New Hope
92.9%
Starship Troopers
3.4%
Rebel Without a Cause
1.1%
Take the blue pill and stay in blissful oblivion, or take the red pill and find out the truth about your world. The Matrix
91.7%
Alice in Wonderland
2.4%
Oblivion
3.4%
Fall for Edward, or fall for Jacob. The Twilight Saga: Eclipse
90.9%
Crazy, Stupid, Love.
2.4%
Edward Scissorhands
4.2%
Push a button so a stranger dies and you get one million dollars, or do nothing and get no money, but nobody dies. The Box
87.2%
The Curious Case of Benjamin Button
2.9%
Changing Lanes
7.3%
Go to the kids' ballet recital, or steal the moon. Despicable Me
81.8%
Megamind
11.6%
Austin Powers: International Man of Mystery
4%
Leave with your lover on an airplane, or convince her to go with her heroic husband instead. Casablanca
81.7%
Love Actually
5.5%
An Affair to Remember
10.2%
Surrender to a cop if you think he fired five shots, or try to fight your way out if you think he fired six and you feel lucky, you punk. Dirty Harry
79.4%
Magnum Force
8.1%
Sudden Impact
9.7%
Allow your crush and her family to slip away quietly, or alert your Nazi comrades that they are trying to escape. The Sound of Music
78.8%
Raiders of the Lost Ark
7.4%
Life Is Beautiful
11.3%
Try to save your girlfriend, or try to save a cable car full of Boy Scouts. Spider-Man
76.2%
The Dark Knight
9.8%
The Last Boy Scout
11.4%
Kill the other captive in the room by 6:00 p.m., or let your family be murdered. Saw
76.2%
Hostel
16.2%
Kill Bill: Vol. 1
5%
Live with the guilt of knowing that you murdered your wife and may have indirectly harmed your children, or pretend you are still insane so that you will be lobotomized. Shutter Island
75.2%
A Cure for Wellness
14.3%
Gothika
7.7%
Choose between living with Mom or Dad after the divorce, or run away and start a life as a con artist. Catch Me if You Can
74.5%
The Grifters
13.2%
The Parent Trap
9.7%
Take the gun and leave the cannoli, or leave the gun and take the cannoli. The Godfather
74.2%
Goodfellas
20.8%
Gun Crazy
2.5%
Die fixing a warp drive so that your shipmates can escape the Genesis blast, or let the needs of the one outweigh the needs of the many. Star Trek II: The Wrath of Khan
57.5%
Star Trek: First Contact
16.3%
Star Trek Beyond
23.3%
Return your kidnapped niece to her family, or kill her because you believe she has been tainted by her captors. The Searchers
48.3%
Stagecoach
8.3%
The Unforgiven
40.5%
Remove Ads.
Support Sporcle.
Get the best of Sporcle when you Go Orange. This ad-free experience offers more features, more stats, and more fun while also helping to support Sporcle. Thank you for becoming a member.

You're not logged in!

Compare scores with friends on all Sporcle quizzes.
OR
Log In

Show Comments

Extras

Top Quizzes Today


Score Distribution

Your Account Isn't Verified!

In order to create a playlist on Sporcle, you need to verify the email address you used during registration. Go to your Sporcle Settings to finish the process.

Report this User

Report this user for behavior that violates our Community Guidelines.

Details: